000 00705nam a2200289Ia 4500
005 20260324124612.0
008 008 260324s9999 xx 000 0 eng d
020 _a9780203844311
037 _aEBOOK
040 _aCRL
040 _beng
040 _cCRL
041 _2eng
041 _aeng
084 _qCRL
100 _aShahrukh Rafi Khan; Jens Christiansen
_91174790
245 0 _aTowards New Developmentalism
245 0 _bMarket as Means rather than Master
260 _bTaylor and Francis
260 _c2010
365 _a
365 _b265
856 _uhttp://www.taylorfrancis.com/books/9780203844311
942 _cEBOOK
999 _c1769303
_d1769303